000 00302nam a2200121Ia 4500
008 240624s9999 xx 000 0 und d
041 _aeng
082 _a006.7 MEZ
100 _aMEZRICH BEN
245 _aACCIDENTAL BILLIONAIRES THE FOUNDING OF
260 _c2009
_aNew York
_bAnchor Books
365 _cRS
999 _c15890
_d15890